|
|
|
|
| LEADER |
00736 a2200169 4500 |
| 999 |
|
|
|c 91852
|d 91852
|
| 020 |
|
|
|a 9783659282362
|
| 082 |
|
|
|a 370.158
|b Q1
|
| 100 |
|
|
|a Shilpi Gupta
|9 53374
|
| 245 |
|
|
|a Impact of organizational climate & personality on academic achievement:
|b educational psychology/
|c Shilpi Gupta.
|
| 260 |
|
|
|a Saarbrucken:
|b LAMBERT Academic Publishing,
|c 2011.
|
| 300 |
|
|
|a 128p.
|
| 504 |
|
|
|a Includes bibliographical references.
|
| 650 |
|
|
|a Educational psychology.
|9 53499
|
| 650 |
|
|
|a School management and organization.
|9 293
|
| 942 |
|
|
|c BK
|
| 952 |
|
|
|0 0
|1 0
|4 0
|6 370_158000000000000_Q1
|7 0
|9 84433
|a MGUL
|b MGUL
|c GEN
|d 2016-05-11
|e Calicut Book Distributors Invoice No 10222 dated 26.02.2016
|g 4572.50
|l 0
|o 370.158 Q1
|p 55218
|r 2016-09-23
|y BK
|